00371nam a2200145Ia 4500003000400000005001700004008004100021020001800062040000900080082001900089100001700108245004200125260004900167300000900216OSt20200130124119.0190216s9999||||xx |||||||||||||| ||und|| a9788120330740 coclc a332.632bKUM/F aKumar, S S S 0aFinancial Derivatives /c S S S Kumar bPHI Learning Private Ltd,c2010.aNew Delhi: a401p